000 00555nam a2200181Ia 4500
008 151202s9999||||xx |||||||||||||| ||und||
082 _bPNVM-60623
100 _aगुंदेकर श्रीराम.
245 _aलगाम.
260 _b"दिलीपराज प्रकाशन, पुणे."
260 _c60623
300 _a204
600 _aगुंदेकर श्रीराम.
630 _aलगाम.
700 _aगुंदेकर श्रीराम.
730 _aलगाम.
942 _cBOOK
999 _c1327157
_d1327154